Gaming Quiz

Random Gaming or Blitz Quiz

US Monopoly Border Blitz Quiz Stats

Quiz Updated Sep 10, 2015

Also try: Monopoly Pieces
Challenge
Share
Tweet
Embed
Score 0/40 Timer 01:00
1 Play Today
Squares % Correct
Go
92.3%
Boardwalk
91.8%
Chance (3)
85.4%
Park Place
85.2%
Mediterranean Avenue
83%
Luxury Tax
81.9%
Oriental Avenue
80.5%
Connecticut Avenue
78.3%
In Jail/Jail/Just Visiting
78.3%
St. Charles Place
77.5%
Kentucky Avenue
77.3%
Short Line
76.7%
St. James Place
76.7%
Baltic Avenue
75.8%
Community Chest (1)
75.7%
Income Tax
75.4%
Community Chest (3)
74.8%
Indiana Avenue
74.4%
Pennsylvania Avenue
74.4%
Chance (2)
73.5%
Squares % Correct
Vermont Avenue
72.2%
Chance (1)
72%
Tennessee Avenue
70.3%
Community Chest (2)
69.1%
Free Parking
68.7%
Reading Railroad
66.7%
New York Avenue
66.3%
North Carolina Avenue
64.4%
Illinois Avenue
64.1%
B & O Railroad
62.7%
Pennsylvania Railroad
61.8%
Marvin Gardens
61.1%
Atlantic Avenue
56.6%
Virginia Avenue
55.6%
Go to Jail
55.5%
Water Works
55%
Ventnor Avenue
50.2%
Pacific Avenue
50.1%
Electric Company
46.5%
States Avenue
43.5%

You're not logged in!

Compare scores with friends on all Sporcle quizzes.
Sign Up with Email
OR
Log In

You Might Also Like...

Show Comments

Extras

Top Quizzes Today


Score Distribution

Your Account Isn't Verified!

In order to create a playlist on Sporcle, you need to verify the email address you used during registration. Go to your Sporcle Settings to finish the process.